000 01019nam a2200289Ia 4500
003 OSt
005 20221007125401.0
006 a|||||r|||| 00| 0
007 ta
008 221006b |||||||| |||| 00| 0 eng d
020 _a048669173X (pbk)
_c
_ 13.95
024 _a9986
037 _bI K,
_cTextual
040 _aCDL
_cCDL
_beng
041 _2eng
_aeng
082 _aE:2216, N6
100 _aJaffe Howard W
_9721874
245 0 _aCrystal chemistry and refractivity by Howard W Jaffe
260 _aNew
_bYork Dover Pub. Ltd.
_c1996
300 _ax, 335p
_ccm.
500 _aIncludes bibliographical references; Index 327-335p; ^n23/CSL/CARC/2002-2003/360^d2002-09-25^mPurchase; ; 2002-03/328^b2002-10-28^cIK/2002/1754^d2002-10-18^eRs.1,747.00^fI K International Pvt. Ltd.; ; 2003-01-23^bSB^c2003-09-29^dJindal
650 _a Crystal
_9721875
650 _a Physical
_9297719
650 _aChemistry
942 _hE:2216, N6
_cTEXL
_2CC
999 _c1215188
_d1215188